Представление документа в формате RUSMARC

Поле Инд. ПП Название Значение
Тип записи a
Библиографический уровень a
001 Контрольный номер RU/REP/BASE/00008352
005 Дата корректировки 20181104132002.1
200 1_ a Заглавие Вариативность конституционных принципов в ракурсе основ федеративного государства
f Первые сведения об ответственности С.А. Мосин
b Общее обозначение материала Текст
210 1_ d Дата издания 2015
461 _0 1 001RU/REP/BASE/00010629
1 2001
a Закон и право
463 _1 1 20002
a №3.
v С. 15-17
1 2101
d 2015
610 0_ a Ключевые слова ФЕДЕРАЛИЗМ, КОНСТИТУЦИОННОЕ ПРАВО, ТЕОРИЯ ПРАВА, ЮРИДИЧЕСКАЯ ОТВЕТСТВЕННОСТЬ, КОНСТИТУЦИОННАЯ ОТВЕТСТВЕННОСТЬ, ПРИНЦИПЫ ПРАВА
700 _1 a Фамилия Мосин
b Имя С.А.
901 t Тип документа b
w Контрольный № источника 5a23989cd0b04ff181632af5680417df